000 00667nam a2200217 a 4500
001 20276
003 BD-RjUL
005 20211209000537.0
008 140227s1960 enka 00110 eng d
035 _a(BD-RjUL)20338
040 _aVDU
_cVDU
_beng
_dBD-RjUL
041 _aeng
082 _a828
_bMAC 1960
100 1 _aMartin, Kingsley,
_d1897-1969.
_919603
245 1 0 _aCritic's London diary :
_bfrom the New statesman, 1931-1956 /
_cKingsley Martin.
260 _aLondon :
_bSecker & Warburg,
_c1960.
300 _axiii, 312 p. :
_bill. ;
_c22 cm.
651 0 _aLondon (England)
_xHistory
_y20th century.
_962484
730 _aNew statesman.
_962486
942 _2ddc
_cBK
999 _c20276
_d20276